Asia in Western fiction

Αποθηκεύτηκε σε:
Λεπτομέρειες βιβλιογραφικής εγγραφής
Άλλοι συγγραφείς: Winks, Robin W. (Επιμελητής έκδοσης), Rush, James R. (James Robert) 1944- (Επιμελητής έκδοσης)
Μορφή: Βιβλίο
Γλώσσα:English
Δημοσίευση: Manchester : Manchester University Press, 1990
Σειρά:Studies in imperialism
Θέματα:
Ετικέτες: Προσθήκη ετικέτας
Δεν υπάρχουν, Καταχωρήστε ετικέτα πρώτοι!

MARC

LEADER 00000nam a2200000 i 4500
001 1/62104
008 930916s1990 eng d
020 |a 0-7190-2906-6 
035 |a ΛΕΣΒΟΣb10000974  |l 10000974 
040 |a GR-MY-UA  |b gre  |e aacr 
041 0 |a eng 
082 0 |a 809.39352095 
245 1 0 |a Asia in Western fiction /  |c edited by Robin W. Winks; James R. Rush 
260 |a Manchester :   |b Manchester University Press,   |c 1990 
300 |a 229 p. 
490 1 |a Studies in imperialism 
504 |a Includes index 
650 0 0 |a Asians in literature. 
650 0 0 |a Imperialism in literature. 
650 0 0 |a Colonies in literature. 
650 0 0 |a European fiction  |x History and criticism. 
650 0 0 |a American fiction  |x History and criticism. 
700 1 |a Winks, Robin W.  |4 edt 
700 1 |a Rush, James R.  |q (James Robert)  |d 1944-  |4 edt 
830 0 |a Studies in imperialism 
852 |a INST  |b LESVOS  |e 19930916  |h 809.39352095 ASI  |p 005100005164  |q 005100005164  |t BK  |y 0 
909 |a Λ  |b 023289